Quizzes
Events
Quiz Creation
Community
Videos
Private Events
Remove Ads
Sign In
Join for FREE
Feedback
Dark Mode
Quiz Categories
Sports
Geography
Music
Movies
Television
Just For Fun
Miscellaneous
History
Literature
Language
Science
Gaming
Entertainment
Religion
Holiday
For Kids
Quiz Lab
Recent
Popular Today
Quiz Kudos Today
Editor Picks
Curator Picks
Quizzes by...
Day
Popularity
Type
Ratings
Length
Year
Community
Subscriptions
Recent Discussions
Orange Saloon
Badges
Playlists
Quests
Create
Leaderboards
Showdown
Live 5
Trivia Bingo
Activity
Puzzle Library
Sporcle Events
Private Events
Virtual Trivia
Globe League
Become a Host
Pub Owners
SporcleCon
Opinionation
Our Games
Videos
Blog
Mobile Apps
Partnerships
Remove Ads and Go Orange
Feedback
Sports
Athletes
MLB
NBA
NHL
NFL
Soccer
Sports Teams
WWE
NCAA
Football
Premier League
Basketball
Baseball
Hockey
Golf
Tennis
Cricket
Rugby
Auto Racing
Olympics
World Cup
Sports
Athletes
MLB
NBA
NHL
NFL
Soccer
Sports Teams
WWE
NCAA
Football
Premier League
Basketball
Baseball
Hockey
Golf
Tennis
Cricket
Rugby
Auto Racing
Olympics
World Cup
Random Quiz
Search Sporcle
×
Quiz Lab
Quiz Lab
Sports
Soccer
Type in answers that appear in a list
Type in answers that appear in a list
Classic
Best Score? Go Orange.
4 Goals in the 32-Game World Cup Era Stats
Can you name the 4 Goals in the 32-Game World Cup Era
By
okonheim
15m
57 Questions
123 Plays
123 Plays
123 Plays
Comments
Comments
Give Quiz Kudos
Give Quiz Kudos
-
- Ratings
hide this ad
More Info
Replay
Link that replays current quiz
Next Quiz
Link to next quiz in quiz playlist
You Got
0%
They Got
Avg Score
44%
Avg Friend Score
Upgrade to see
Score Distribution
Jump to the score distribution portion of the page
Score
0/57
Timer
15:00
0
Plays Today
Number of Goals
Name
% Correct
16
Miroslav Klose
100%
8
Christiano Ronaldo
100%
8
Harry Kane
100%
13
Lionel Messi
100%
15
Ronaldo
97.5%
10
Thomas Muller
93.4%
10
Leionel Messi
85.7%
8
Neymar
85.7%
9
David Villa
84.4%
9
Kylian Mbappe
83.3%
6
Robin VanPersie
81.1%
6
Thierry Henry
80.3%
6
Arjen Robben
80.3%
5
Zinedine Zidane
80.3%
5
Oliver Giroud
80%
12
Kylian Mbappe
80%
4
Julian Alvarez
80%
6
James Rodriguez
77%
8
Rivaldo
76.2%
5
Edinson Cavani
75%
7
Luis Suarez
75%
6
Wesley Sneijder
73.8%
4
Fernando Torres
73%
5
Landon Donovan
71.3%
6
Diego Forlan
70.5%
9
Christian Vieri
65.6%
4
Clint Dempsey
64.8%
6
Gabriel Batistuta
63.1%
5
Lukas Podolski
60.7%
Number of Goals
Name
% Correct
4
Javier Hernandez
60%
4
Antoine Griezmann
60%
6
Davor Suker
59%
5
Gonzalo Higuain
57.4%
4
Michael Owen
57.4%
4
Luis Hernandez
56.6%
5
Romelu Lukaku
55%
5
Raul
52.5%
6
Asamoah Gyan
51.6%
5
Tim Cahill
50%
4
Keisuke Honda
45%
5
Fernando Morientes
42.6%
4
Hernan Crespo
42.6%
4
Pauleta
41.8%
4
Henrik Larsson
39.3%
4
Samuel Etoo
38.5%
5
Jon Dahl Tomasson
36.9%
4
Oliver Bierhoff
36.1%
4
Marcelo Salas
35.2%
4
Denis Cheryshev
35%
4
Fernando Hierro
29.5%
5
Xheridan Shaqiri
28.6%
6
Ivan Perisic
28.6%
5
Mario Mandzukic
28.6%
4
Ahmed Musa
25%
5
Marc Wilmots
19.7%
4
Robert Vittek
18.9%
5
Enner Valencia
14.3%
Quiz Playlist
Details
Report
Send in Message
Add To Playlist
More Info:
The 32-team era is 1998-present (2014)
Classic:
Type in answers that appear in a list
Quiz Source
Last Updated: Dec 18, 2022
Quiz Scoreboard
CHALLENGE
Sign Up to Join the Scoreboard
Show All
Scores
Hide
Comments
May contain spoilers
Recently Published
Billboard Blitz: Fleetwood Mac
by CooCooCachoo
Music
15s
Presidents Visiting Landmarks
by Hejman
History
7m
An Introduction to Baseball
by treessimontrees
Sports
5m
More to Explore
Quiz From the Vault
Featured Blog Post
Where Did the Easter Bunny Come From?
hide this ad
You Might Also Like...
Tags
Soccer Quiz
World Cup Quiz
World Cup 2002
World Cup 2010
World Cup 2014
Today's Top Quizzes in Sports
Browse Sports
hide this ad
Today's Top Quizzes in Soccer
Browse Soccer
Top Contributed Quizzes in Sports
1
Les meilleurs buteurs des matchs entre le PSG et l’OM
2
2022 World Cup Stars
3
FIFA Club World Cup Champions
4
Les entraîneurs de l'OM et du PSG au 21e siècle
5
Criteria MLB: Left Handed Sluggers
6
Name the Premier League winners with different clubs
7
5-to-1: UK Sports Teams
8
AFC Teams Reveal (Wrong Answers Minefield)
9
Players with Multiple 50 Home Run Seasons
10
5-to-1: FBS Animal Nicknames
Explore More
Trending Topics
Kpop
Marvel
Crossword
Anime
Disney
NBA
Harry Potter
The Office
Song
Soccer
Pokémon
Country
Puzzle
NFL
WWE
hide this ad
More By:
okonheim
Quiz
Plays
Rating
Category
Featured
Created
Actors appearing in 3 or more of AFI's top 100 films
2,713
4.10
Movies
Apr 2, 2011
Oscar 2013 Class: 3 Appearances in Best Picture Noms
320
4.11
Movies
Jan 21, 2014
Highest Grossing Best Picture Nominees
212
3.50
Movies
Jan 9, 2011
Films that have won an Oscar: 2000s
171
2.33
Movies
Feb 17, 2011
Oscar Class 2012: 3 Appearances in a Best Picture Film
171
4.00
Movies
Jan 21, 2014
Go to Creator's Profile
Score Distribution
Quiz Creator Spotlight
okonheim
Follow
Send a Message
Quizzes Created
-
Created Quiz Play Count
-
More By This Creator
Popular Quizzes Today
1
Find the US States - No Outlines Minefield
2
Find the Countries of Europe - No Outlines Minefield
3
The Countries of the World
4
Find the US States
5
US States
6
Risky Map Clicking: Biggest States A-Z
7
Popular People in 1961
8
Movies - When Are They Set?
More Sports Quizzes
I Won a World Championship at Elimination Chamber
Curator's Pick
Trending Quizzes
Risky Map Clicking: Least Populous States A-Z
1-10 Letter G Words
1-10 Letter F Words
Risky Map Clicking: Next State Alphabetically
Risky Map Clicking: Biggest States A-Z
Recently Updated
Leaping Animals
pecheneg
Reality TV Shows (A-Z)
bhenderson79
Rickey Henderson's Hall of Fame Teammates
pecheneg
Champions League XIs: Arsenal
pecheneg
Quick Pick: Celebrities in WWE's Hall of Fame
aduchscher
A-Z Keypad Blitz II
pecheneg
Multiple Oscar Actors
pecheneg
Mystery Phrase Blitz: Oscar 'Best Actors'
pecheneg
F. Scott Fitzgerald Novels
LTH
Pick 3 Villains
ddd62291
Trending Topics
Disney
Marvel
Anime
Kpop
Harry Potter
NBA
Crossword
Puzzle
Soccer
Pokémon
NFL
Song
WWE
The Office
Country
Your Account Isn't Verified!
In order to create a playlist on Sporcle, you need to verify the email address you used during registration. Go to your
Sporcle Settings
to finish the process.
Report this User
Report this user for behavior that violates our
Community Guidelines
.
Details:
Send Report
Go to the Sporcle.com Mobile Site →
Comments